000 00504nam a2200205Ia 4500
003 GCL
008 140319s9999 xx 000 0 eng d
040 _aGCL /
_cGCL
082 0 4 _a940
_bH G
100 1 _aHOWARD, MICHAEL
245 1 0 _aLA GUERRE DANS L'HISTOIRE DE L'OCCIDENT /
_cHOWARD, MICHAEL
700 1 _aSENECAL, DIDIER
260 _a[S.N] :
_bFAYARD ،
_c1986
300 _a162
650 0 4 _aEUROPE
650 0 4 _aEUROPE - HISTORY
650 0 4 _aHISTORY
650 0 4 _aWAR
942 _2ddc
_cBK
999 _c25528
_d25528